| Поле | Инд. | ПП | Название | Значение |
|---|---|---|---|---|
| Тип записи | a | |||
| Библиографический уровень | b | |||
| 001 | Контрольный номер | RU/IS/BASE/335899850 | ||
| 005 | Дата корректировки | 20220302120711.7 | ||
| 008 | Кодируемые данные | 20100823 | ||
| 040 | b | Код языка каталог. | rus | |
| e | Правила каталог. | PSBO | ||
| 041 | 0_ | a | Код языка текста | rus |
| 084 | a | Индекс другой классификации/Индекс ББК | 74.483(2)6; 51.1(2)п.г | |
| 100 | 1_ | a | Автор | Голубев А. А. |
| 245 | 10 | a | Заглавие | Правовое регулирование подготовки врачебного персонала в РСФСР в 1917 - 1941 гг. |
| 504 | a | Библиография | Примеч. - Лит. | |
| 650 | 04 | a | Основная рубрика | высшее образование |
| a | Основная рубрика | здравоохранение | ||
| a | Основная рубрика | история образования | ||
| a | Основная рубрика | медицина | ||
| a | Основная рубрика | образование | ||
| a | Основная рубрика | профессиональное образование | ||
| 653 | 0_ | a | Ключевые слова | XX век |
| a | Ключевые слова | врачи | ||
| a | Ключевые слова | медицинское образование | ||
| a | Ключевые слова | Народный комиссариат здравоохранения | ||
| a | Ключевые слова | подготовка медицинских кадров | ||
| a | Ключевые слова | реформирование высшего образования | ||
| a | Ключевые слова | реформирование образования | ||
| a | Ключевые слова | Россия | ||
| 773 | 08 | t | Заглавие источника | Вестник Московского университета. Серия 11, Право |
| d | Дата издания источника | 2010 | ||
| g | Прочая информация | № 3. - С. 106 - 113 | ||
| w | Контрольный № источника | RU/IS/BASE/330541362 | ||
| 901 | t | Тип документа | b |